000 01488 a2200253 4500
001 43898
005 20260407155720.0
008 260407a2017 arg spa d
003 AR-UNSa-BCEJYS
040 _aAR-UNSa-BCEJYS
_bspa
_cAR-UNSa-BCEJYS
080 _a331.101.26
_xEconomía del trabajo
245 1 0 _aModern labor economics
_ptheory and public policy
020 _a978-1-138-21815-4
250 _a13a. ed.
264 1 _aNew York :
_bRoutledge
_c2017
300 _axx, 748 p.
_c25 cm.
505 _a1. Introduction - 2. Overview of the labor market - 3. The demand for labor - 4. Labor demand elasticities - 5. Frictions in the labor market - 6. Supply of labor to the economy: the decision to work - 7. Labor supply: household production, the family, and the life cycle - 8. Compensating wage differentials and labor markets - 9. Investments in human capital: education and training - 10. Worker mobility: migration, immigration, and turnover - 11. Pay and productivity: wage determination within the firm - 12. Gender, race, and ethnicity in the labor market - 13. Unions and the labor market - 14. Unemployment - 15. Inequality in earnings - 16. The labor-market effects of international trade and production sharing
041 _aspa
942 _cBK
590 _aniveau_biblio:m niveau_hierar:0
100 1 _aEhrenberg, Ronald G.
700 1 _aSmith, Robert S.
856 4 1 _uhttps://biblioeco.unsa.edu.ar/pmb/images/libros/L126802.jpg
_yImagen de portada
_qimage/jpeg
999 _c3751
_d3751